Statistics for XXXtentacion Song Name Scramble

Click here to take the quiz!

General Stats

  • This quiz has been taken 524 times
  • The average score is 8 of 13

Answer Stats

Scrambled Title Answer % Correct
ItorRiot
78%
Okol Ta EmLook At Me
73%
Clnyoje RsfleoJocelyn Flores
70%
Cukf VoelFuck Love
70%
Racry NoCarry On
62%
Mi Pipsin Eta Ni Oy OdohIm Sippin Tea In Yo Hood
61%
I Vleo Ti Hwne Htye UnrI Love It When They Run
58%
Cvei YticVice City
57%
Hu Oh SothtUh Oh Thots
55%
PRI HcoraRIP Roach
50%
Thwa Ni TrxtionxanaxWhat In XXXTarnation
50%
Gynu RaztbYung Bratz
48%
Ximadpas Rfo VyneereoMaxipads For Everyone
22%

Score Distribution

Percentile by Number Answered

Percent of People with Each Score

Your Score History

You have not taken this quiz